مكتبة جامعة عجلون الوطنية

فهرس بحث المكتبة

Normal view MARC view
  • قضاء التعويض -- مسؤولية الدولة

Entry Topical Term

Number of records used in: 1

001 - CONTROL NUMBER

  • control field: 46807

003 - CONTROL NUMBER IDENTIFIER

  • control field: JO-AjAnu

005 - DATE AND TIME OF LATEST TRANSACTION

  • control field: 20230606081731.0

008 - FIXED-LENGTH DATA ELEMENTS

  • fixed length control field: 230606|| aca||aabn | a|a d

040 ## - CATALOGING SOURCE

  • Original cataloging agency: JO-AjAnu
  • Transcribing agency: JO-AjAnu

150 ## - HEADING--TOPICAL TERM

  • Topical term or geographic name entry element: قضاء التعويض -- مسؤولية الدولة

670 ## - SOURCE DATA FOUND

  • Source citation: Work cat.: (JO-AjAnu)23957: رسلان، انور احمد, author 46806, مسئولية الدولة غير التعاقدية